000 00470nam a2200193Ia 4500
005 20250530170234.0
008 008 250505s9999 xx 000 0 eng d
020 _a9788126568161
040 _beng
_cILCL
041 _aeng
_2eng
084 _aY Q7
100 _aGiddens,Anthony
245 0 _aSociology
250 _a8
260 _aNew Delhi
_bWiley India
_c2017
300 _a1130p.
700 _aSutton,Philip W.
942 _cTB
_2Colon Classification
999 _c1312561
_d1312561